000 01038nam a22002897a 4500
001 11916240
003 OSt
005 20170518103506.0
008 170315b xxu||||| |||| 00| 0 eng d
010 _a 00024487
020 _a0374240795 (alk. paper)
040 _aMMU
_cMMU
_dMMU
_beng
043 _an-us---
050 0 0 _aE184.A1
_bM265 2000
082 0 0 _a305.8/00973
_221
100 1 _aMalcomson, Scott L.
245 1 0 _aOne drop of blood :
_bthe American misadventure of race /
_cScott L. Malcomson.
250 _a1st ed.
260 _aNew York :
_bFarrar, Straus and Giroux,
_c2000.
300 _aviii, 584 p. ;
_c25 cm.
504 _aIncludes bibliographical references and index.
650 0 _aRacism
_zUnited States
_xHistory.
651 0 _aUnited States
_xRace relations.
906 _a7
_bcbc
_corignew
_d1
_eocip
_f20
_gy-gencatlg
942 _2lcc
_cLOAN LOAN
999 _c24860
_d24860